Beiträge zur Stratigraphie und Tektonik der südöstlichen Alta Brianza, (Record no. 25213)

MARC details
000 -LEADER
fixed length control field 00841cam a22002171 4500
001 - CONTROL NUMBER
control field gs 12000897
003 - CONTROL NUMBER IDENTIFIER
control field DLC
005 - DATE AND TIME OF LATEST TRANSACTION
control field 20260227111313.0
008 - FIXED-LENGTH DATA ELEMENTS--GENERAL INFORMATION
fixed length control field 841220s1912 gw bf b 000 0 ger c
010 ## - LIBRARY OF CONGRESS CONTROL NUMBER
LC control number gs 12000897
035 ## - SYSTEM CONTROL NUMBER
System control number (OCoLC)11515086
040 ## - CATALOGING SOURCE
Original cataloging agency Library, U.S. Geol. Survey
Transcribing agency MH-A
Modifying agency DLC
050 00 - LIBRARY OF CONGRESS CALL NUMBER
Classification number QE1
Item number .G492 n. f., bd. 10, hft. 5
100 1# - MAIN ENTRY--PERSONAL NAME
Personal name Rassmuss, Hans,
Dates associated with a name 1889-
245 10 - TITLE STATEMENT
Title Beiträge zur Stratigraphie und Tektonik der südöstlichen Alta Brianza,
Statement of responsibility, etc. von Hans Rassmuss ... mit 1 Karte, 6 Tafeln und 4 Textfiguren.
260 ## - PUBLICATION, DISTRIBUTION, ETC.
Place of publication, distribution, etc. Jena,
Name of publisher, distributor, etc. G. Fischer,
Date of publication, distribution, etc. 1912.
300 ## - PHYSICAL DESCRIPTION
Extent 128, [14] p.
Other physical details plates (part fold.) fold. map, diagrs. (part fold.)
Dimensions 31 cm.
490 0# - SERIES STATEMENT
Series statement Geologische und palaeontologische Abhandlungen, hrsg. von E. Koken,
Volume/sequential designation n. F. Bd. x, Hft. 5
504 ## - BIBLIOGRAPHY, ETC. NOTE
Bibliography, etc. note "Literatur": p. 4-9.
650 #0 - SUBJECT ADDED ENTRY--TOPICAL TERM
Topical term or geographic name entry element Geology
Geographic subdivision Italy.

No items available.

Powered by Koha